| 000 | 00396nam a22001697a 4500 | ||
|---|---|---|---|
| 005 | 20260416145816.0 | ||
| 008 | 260416b |||||||| |||| 00| 0 eng d | ||
| 020 | _a978-81-259-3137-9 | ||
| 041 | _aeng | ||
| 082 | _a346.07 | ||
| 100 |
_aKUCHHAL, M.C _94361 |
||
| 245 | _aBUSINESS LAW | ||
| 260 |
_aNEW DELHI _bVIKAS PUBLISHING HOUSE PVT LTD |
||
| 300 | _a453,P | ||
| 650 | _aLAW | ||
| 942 | _cBK | ||
| 999 |
_c9113 _d9111 |
||